000 00946nam a2200241Ia 4500
001 15924
003 GE_BSU
008 181216s||||||||xx |||||||||||||| ||und||
040 _cGE_BSU
080 _a821.353.1(092)
100 _aჯავახაძე, ვახტანგ
245 _aუცნობი
245 _bაპოლოგია გალაქტიონ ტაბიძისა
245 _cრედ.ჯ.ჭანტურია. თ.ყალიჩავა
260 _aთბილისი
260 _bნაკადული
260 _c1988
300 _a254გვ. : ილ. ; 20სმ
653 _aაპოლოგია გალაქტიონ ტაბიძისა
653 _aტაბიძე, გალაქტიონ; ქართული ლიტერატურის ისტორია და კრიტიკა;
653 _aუცნობი
942 _cBK
999 _c49019
_d49019